000
00302 a2200145 4500
001
177552
020
_a
040
_c
Magnum
100
_a
Grafalco
240
1
0
_a
La cigarra y la hormiga
_l
ESP
245
1
0
_a
La cigarra y la hormiga
362
0
_a
1899
697
_a
MAGNITO: I/FABULAS
942
_c
BK
999
_c
177552
_d
177552